[Event "Santa Margalida Mallorca-ch"]
[Site "Santa Margalida"]
[Date "2016.12.03"]
[Round "8"]
[White "Gomez Olivares, Alejandro"]
[Black "Cabezas Lopez, Jesus"]
[Result "1-0"]
[WhiteElo "1974"]
[BlackElo "1666"]
[PlyCount "63"]
[EventDate "2016.11.11"]
[EventType "swiss"]
[EventRounds "8"]
[EventCountry "ESP"]
[SourceTitle "EXT 2018"]
[Source "ChessBase"]
[SourceDate "2017.10.13"]
[SourceVersion "1"]
[SourceVersionDate "2017.10.13"]
[SourceQuality "1"]

1. c4 c5 2. Nc3 Nf6 3. e4 d6 4. g3 g6 5. Bg2 Bg7 6. Nge2 Nc6 7. 0-0 0-0 8. d3 e5 9. a3 Kh8 10. Rb1 Ne8 11. b4 f5 12. Nd5 fxe4 13. Bxe4 Bh3 14. Re1 Nf6 15. Nxf6 Qxf6 16. f4 Bg4 17. Qc2 g5 18. Rf1 Bh6 19. f5 Rf7 20. Nc3 Nd4 21. Qg2 Qg7 22. bxc5 Bxf5 23. Bxf5 Nxf5 24. cxd6 Nxd6 25. Rxf7 Qxf7 26. c5 Qc7 27. Qd5 Rc8 28. Be3 b6 29. cxd6 Qxc3 30. Rc1 Rc5 31. Qxc5 Qxc5 32. Rxc5 1-0

[Event "Santa Margalida Mallorca-ch"]
[Site "Santa Margalida"]
[Date "2016.11.26"]
[Round "6"]
[White "Serralta Font, Carles"]
[Black "Cabezas Lopez, Jesus"]
[Result "0-1"]
[WhiteElo "1311"]
[BlackElo "1666"]
[PlyCount "22"]
[EventDate "2016.11.11"]
[EventType "swiss"]
[EventRounds "8"]
[EventCountry "ESP"]
[SourceTitle "EXT 2018"]
[Source "ChessBase"]
[SourceDate "2017.10.13"]
[SourceVersion "1"]
[SourceVersionDate "2017.10.13"]
[SourceQuality "1"]

1. e4 e6 2. Bc4 d5 3. exd5 exd5 4. Bb3 c5 5. d3 Nf6 6. Bg5 Be7 7. Qe2 0-0 8. h3 Re8 9. Qf3 c4 10. dxc4 Bb4+ 11. Kf1 Re1# 0-1

[Event "Campos Migjorn op"]
[Site "Campos"]
[Date "2016.09.10"]
[Round "2"]
[White "Sanchez Lopez, Alejandro"]
[Black "Cabezas Lopez, Jesus"]
[Result "1-0"]
[WhiteElo "1815"]
[BlackElo "1635"]
[PlyCount "55"]
[EventDate "2016.09.09"]
[EventType "swiss"]
[EventRounds "8"]
[EventCountry "ESP"]
[SourceTitle "EXT 2017"]
[Source "ChessBase"]
[SourceDate "2016.10.25"]
[SourceVersion "1"]
[SourceVersionDate "2016.10.25"]
[SourceQuality "1"]

1. e4 e6 2. Nc3 d5 3. e5 c5 4. f4 Nc6 5. Nf3 Nge7 6. g3 f6 7. exf6 gxf6 8. Nh4 h5 9. Be2 d4 10. Bxh5+ Kd7 11. Ne4 Nd5 12. Qe2 Kc7 13. Ng6 Ncb4 14. Kd1 Nxc2 15. Nxh8 Nxa1 16. Ng6 Bh6 17. Nxc5 Qd6 18. Qc4 Qc6 19. Re1 Kd8 20. Nxe6+ Bxe6 21. Qxc6 bxc6 22. Rxe6 Kd7 23. Bg4 Kc7 24. Bf3 Nb4 25. a3 Nd3 26. Rxc6+ Kd7 27. Rxf6 Re8 28. Bc6+ 1-0